000
00269nam a22001217a 4500
040
_c
333
082
_a
333 MAT 1998 C090
100
_a
KH MATTHEWS
245
_a
Sustainable agriculture
260
_a
Phnom Penh
_b
MAT
_c
1998
300
_a
149p.
_b
ill.
_c
29cm.
942
_c
EK
999
_c
11233
_d
11233